La interpretación de los sueños / (Record no. 23187)
[ view plain ]
| 000 -CABECERA | |
|---|---|
| campo de control de longitud fija | 00892nam a2200265 a 4500 |
| 001 - NÚMERO DE CONTROL | |
| campo de control | 000023691 |
| 005 - FECHA Y HORA DE LA ÚLTIMA TRANSACCIÓN | |
| campo de control | 20200930022408.0 |
| 008 - DATOS DE LONGITUD FIJA--INFORMACIÓN GENERAL | |
| campo de control de longitud fija | 101220s2000 sp r 000 | spa d |
| 040 ## - FUENTE DE LA CATALOGACIÓN | |
| Centro catalogador/agencia de origen | DO-SdBNP |
| Lengua de catalogación | spa |
| Centro/agencia transcriptor | BNPHU |
| 041 ## - CÓDIGO DE LENGUA | |
| Código de lengua del texto/banda sonora o título independiente | fre |
| Código de lengua original | spa |
| Fuente del código | Código de idioma MARC |
| 082 ## - NÚMERO DE LA CLASIFICACIÓN DECIMAL DEWEY | |
| Número de clasificación | 154.634 |
| Número de documento/Ítem | F889i |
| 049 ## - FONDOS LOCALES (OCLC) | |
| Fondos de biblioteca | BNGR |
| 100 1# - ENTRADA PRINCIPAL--NOMBRE DE PERSONA | |
| Nombre de persona | Freud, Sigmund |
| 9 (RLIN) | 17429 |
| 240 10 - TÍTULO UNIFORME | |
| Título uniforme | Die Traumdeutung. |
| Lenguaje de la obra | español |
| 245 13 - MENCIÓN DE TÍTULO | |
| Título | La interpretación de los sueños / |
| Mención de responsabilidad, etc. | Sigmund Freud ; traducción Luis Lopez-Ballesteros y de Torres. |
| 260 ## - PUBLICACIÓN, DISTRIBUCIÓN, ETC. | |
| Lugar de publicación, distribución, etc. | Madrid : |
| Nombre del editor, distribuidor, etc. | Alienza, |
| Fecha de publicación, distribución, etc. | 2000. |
| 300 ## - DESCRIPCIÓN FÍSICA | |
| Extensión | 3 v. ; |
| Dimensiones | 18 cm. |
| 440 #3 - MENCIÓN DE SERIE/PUNTO DE ACCESO ADICIONAL--TÍTULO | |
| Título | El Libro de Bolsillo |
| 9 (RLIN) | 4072 |
| 500 ## - NOTA GENERAL | |
| Nota general | La biloteca posee el volumen uno |
| 534 ## - NOTA SOBRE LA VERSIÓN ORIGINAL | |
| Encabezamiento principal del original | Título original : |
| Mención de título del original | Die Traumdeutung. |
| 650 #4 - PUNTO DE ACCESO ADICIONAL DE MATERIA--TÉRMINO DE MATERIA | |
| Término de materia o nombre geográfico como elemento de entrada | Sueños |
| 9 (RLIN) | 41871 |
| 650 #4 - PUNTO DE ACCESO ADICIONAL DE MATERIA--TÉRMINO DE MATERIA | |
| Término de materia o nombre geográfico como elemento de entrada | Psicoanálisis |
| 9 (RLIN) | 1958 |
| 700 1# - PUNTO DE ACCESO ADICIONAL--NOMBRE DE PERSONA | |
| Nombre de persona | Lopez-Ballesteros y de Torres, Luis |
| Término indicativo de función/relación | tr. |
| 9 (RLIN) | 45226 |
| 830 #3 - PUNTO DE ACCESO ADICIONAL DE SERIE-TÍTULO UNIFORME | |
| Título uniforme | El Libro de Bolsillo ; |
| 9 (RLIN) | 4072 |
| Estado de retiro | Estado de pérdida | Restricciones de uso | No para préstamo | Código de colección | Localización permanente | Ubicación/localización actual | Ubicación en estantería | Fecha de adquisición | Número de inventario | Total de préstamos | Signatura topográfica completa | Código de barras | Fecha visto por última vez | Precio válido a partir de | Tipo de ítem Koha |
|---|---|---|---|---|---|---|---|---|---|---|---|---|---|---|---|
| Excluido de préstamo | Monografías: Libros y Folletos | General | General | En catalogación | 20.12.2010 | LF1 | 154.634 F889i | 23691-10 | 25.06.2020 | 25.06.2020 | No se presta |
